American Artists - Sudden Death - Statistics

General Stats
  • This quiz has been taken 53 times
  • The average score is 9 of 13
Answers on the Grid
Answers color-coded by a green-red scale on the quiz's grid according to % correct below.
Aerosmith
Lynyrd Skynyrd
The Kink
The Doors
Boston
Genesis
Creedence Clearwater Revival
Jimi Hendrix
Journey
Guns N’ Roses
AC/DC
The Police
Bob Dylan
Kansas
The Rolling Stones
ZZ Top
Black Sabbath
Queen
Bruce Springsteen
The Who
Led Zeppelin
Eagles
The Clash
Pink Floyd
 
Answer Stats
Answer % Correct
Aerosmith
83%
Boston
79%
Lynyrd Skynyrd
79%
Bob Dylan
69%
Jimi Hendrix
69%
Bruce Springsteen
67%
Eagles
67%
Guns N’ Roses
67%
Creedence Clearwater Revival
64%
Kansas
62%
Journey
60%
ZZ Top
60%
The Doors
57%
No matching quizzes found
Score Distribution
Percent of People with Each Score
Percentile by Number Answered
Your Score History
You have not taken this quiz